000 00419nam a2200157 i 4500
001 145798
003 ES-MaACL
005 20230906201322.0
007 t|
008 071017s1934 fr ||||1| fre d
100 1 _aVercel, Roger.
_9113989
245 1 0 _aCapitaine Conan
_b: roman /
_cRoger Vercel.
260 _aParis :
_bAlbin Michel,
_c[1934]
300 _a254 p. ;
_c19 cm.
852 _aES-MaACL
_jA-3180
_bR.14576
999 _c145798
_d145798